000 01651njm a22003017a 4500
005 20100914105513.0
006 a|||||r|||||00| 0
007 sd ammalaaahaa
008 100910t xxu||||| |||| 00| 0 eng d
028 _aTAE-1653
_bODEON
035 _aGR-02088
040 _aSED/VEN
100 _91184
_aMangeshkar,Lata
245 _aDastak Part 1,Part 2 /
_cSung by Lata Mangeshkar ,Mohemed Rafi Music Maden Mohan Lyric Majrhoo
_hHindi film
246 _aदस्तक ( लता मंगेशकर ,मोहेमेद रफ़ी )
260 _aDum Dum, India
_bODEON
_c1970
300 _a1 sound disc : [Gramophone Record]
_banalog, 45 rpm
_c7 in.
_fGramophone Records
500 _aBrief record.
500 _aODEON
500 _aBlack
505 _a पार्ट १ बैयाँ ना धरो बलमा ,माई री मैं कसे कहूं (लता मंगेस कर )(मदन मोहन)(मजरूह )Part1 Baiyaan na dharo balma ,mai ri main kase kahoon (Lata Mangeshkar) (Madan Mohan) Majrooh) पार्ट २ तुम से कहूं एक बात ,हम है मताए कूंच औ बाजार की (मोहद रफ़ी) (लता मंगेश कर) Part 2 tum se kahoon ek baat ,hum hain mtaye koonch ao bajar ki(Lata manges kar )(Mohamed)
_g
650 _xExcerpts
_zIndia
_919370
_aClassical music
_vFilmi song
700 _919371
_aMohamed Rafi
700 _aMadan Maohan
_919754
700 _919372
_aMajrooh
942 _2ddc
_cGR
999 _c45585
_d45585